Memories of a passing era /

Bibliographic Details
Main Author: Matthews, H. Freeman, 1899-1986 (Author)
Format: Book
Language:English
Published: Washington, D.C. : H. Freeman Matthews, [1973]
Subjects:

MARC

Tag First Indicator Second Indicator Subfields
LEADER 00000cam a2200000Ii 4500
001 in00003532321
005 20160203141604.0
008 150513t19731973dcua 000 0aeng d
035 |a (OCoLC)ocn936468811 
040 |a TXA  |b eng  |e rda  |c TXA 
043 |a n-us--- 
050 4 |a E748.M412  |b A3 1973 
049 |a TXAM 
100 1 |a Matthews, H. Freeman,  |d 1899-1986,  |e author. 
245 1 0 |a Memories of a passing era /  |c H. Freeman Matthews. 
264 1 |a Washington, D.C. :  |b H. Freeman Matthews,  |c [1973] 
264 4 |c ©1973 
300 |a 477 pages, 32 unnumbered pages of plates :  |b illustrations,  |c 25 cm 
336 |a text  |b txt  |2 rdacontent 
337 |a unmediated  |b n  |2 rdamedia 
338 |a volume  |b nc  |2 rdacarrier 
500 |a "Privately printed." 
500 |a "Copyright ©1973 by H. Freeman Matthews"--Title page verso. 
500 |a "For my family's sake I wish my memoirs to contain as much detail of my private and family life as feasible"--Foreword, page 8. 
600 1 0 |a Matthews, H. Freeman,  |d 1899-1986. 
650 0 |a Diplomats  |z United States  |v Biography. 
651 0 |a United States  |x Foreign relations  |y 20th century. 
948 |a cataloged  |b h  |c 2016/2/3  |d o  |e jmarner  |f 2:15:46 pm 
994 |a C0  |b TXA 
999 f f |s bd14c5b3-7556-384d-8d8a-41af6089c8bb  |i a13e7f62-1c0d-3401-bc63-35df00c741bc  |t 0 
952 f f |p ric  |a Texas A&M University  |b Rellis Campus  |c Joint Library Facility  |d Remote Storage  |t 0  |e E748.M412 A3 1973  |h Library of Congress classification  |i unmediated -- volume  |m A14843195638 
998 f f |a E748.M412 A3 1973  |t 0  |l Remote Storage